A lélek definíció ontológiai megalapozottsága Arisztotelész filozófiájában
Elmentve itt :
| Szerző: | |
|---|---|
| Adatforrás: | Meister |
| Forrásdokumentuma: | Kellék. - 8-9 sz., 1997, 71-93 p. |
| Nyelv: | magyar |
| Kulcsszavak: | filozófiatörténet lélek & test test & lélek lélek lét |
| LEADER | 00496nab a2200169 i 4500 | ||
|---|---|---|---|
| 001 | bibPRO00004078 | ||
| 008 | 060524s1997 xx hun | ||
| 040 | |a Sz1 | ||
| 041 | |a hun | ||
| 100 | 1 | |a ILYÉS Szilárd | |
| 245 | 1 | 2 | |a A lélek definíció ontológiai megalapozottsága Arisztotelész filozófiájában |c ILYÉS Szilárd |
| 695 | |a filozófiatörténet | ||
| 695 | |a lélek & test | ||
| 695 | |a test & lélek | ||
| 695 | |a lélek | ||
| 695 | |a lét | ||
| 773 | 0 | |t Kellék. - |g 8-9 sz., 1997, 71-93 p. | |